| 000 | 00379nam a2200145 4500 | ||
|---|---|---|---|
| 001 | 127128 | ||
| 003 | ES-MaACL | ||
| 007 | t| | ||
| 008 | 070214s1981 sp r ||||1| spa d | ||
| 100 | 1 |
_aReyes, Marcelino. _996570 |
|
| 245 | 1 | 0 |
_a29 poemas / _cMarcelino Reyes. |
| 260 |
_a[Barcelona?] : _b[s.n.], _c1981. |
||
| 300 |
_a41 p. ; _c20 cm. |
||
| 852 |
_aES-MaACL _jL-7874 _bR.107450 |
||
| 999 |
_c127128 _d127128 |
||